|
|
|
|
| LEADER |
01220nam a2200337 a 4500 |
| 001 |
AAL6121 |
| 003 |
BD-DhAAL |
| 008 |
091123s1990 nyua b 000 0 eng d |
| 020 |
|
|
|a 0195071476
|
| 020 |
|
|
|a 0195071468
|
| 020 |
|
|
|a 0195064801 (cloth)
|
| 020 |
|
|
|a 019506481X (paper)
|
| 040 |
|
|
|a DJB
|c DJB
|d NNC-M
|
| 082 |
0 |
0 |
|a 338.9005
|2 20
|
| 245 |
0 |
0 |
|a Human development report 1991 /
|c United Nations Development Programme.
|
| 260 |
|
|
|a New York :
|b Oxford University Press for the U.N.D.P.,
|c 1991
|
| 300 |
|
|
|a x, 192 p. :
|b ill. ;
|c 28 cm.
|
| 504 |
|
|
|a Includes bibliographical references.
|
| 541 |
1 |
|
|e 6121
|
| 650 |
|
0 |
|a Economic development
|x Social aspects.
|9 19490
|
| 650 |
|
0 |
|a Human capital.
|9 19491
|
| 650 |
|
0 |
|a Manpower policy
|z Developing countries.
|9 19492
|
| 650 |
|
2 |
|a Human Development.
|9 19493
|
| 650 |
|
2 |
|a Developing Countries.
|9 19494
|
| 650 |
|
2 |
|a Social Change.
|9 19495
|
| 650 |
|
2 |
|a Social Class.
|9 19496
|
| 651 |
|
0 |
|a Developing countries.
|9 19497
|
| 710 |
2 |
|
|a United Nations Development Programme.
|9 19498
|
| 942 |
|
|
|2 ddc
|c BK
|
| 999 |
|
|
|c 37545
|d 37545
|
| 952 |
|
|
|0 0
|1 0
|2 ddc
|4 0
|6 338_900500000000000_HUM
|7 0
|9 58956
|a SCL
|b SCL
|c GEN
|d 2016-05-09
|l 0
|o 338.9005 HUM
|p 3020006121
|r 2016-05-09
|t 1
|w 2016-05-09
|y BK
|